1578 1312 1171 1028 1070 1606 1719 1814 1642 1678 1060 1075 1027 1555 1507 1020 1228 1661 1633 1341 1074 1942 1343 1132 1432 1367 1273 1170 1046 1532 1844 1639 1886 1471 1988 1223 1759 1856 1920 1087 1798 1844 1898 1373 1740 1497 1458 1656 1435 1863 1940 1485 1250 1800 1328 1521 1342 1197 1379 1183 1475 1703 1816 1276 1486 1674 1225 1122 1500 1645 1811 1955 1530 1392 1723 1027 1255 1130 1088 1322 1547 1999 1155 1248 1044 1483 1058 1006 1589 1496 1974 1509 1254 1299 1046 1917 1617 1366 1036 BCNSPRNW ULIB Ver.6.0+V

เปลี่ยนเป็นภาษาไทย

Change to English
 แสดงรายละเอียดบรรณานุกรม
  กลับหน้าหลัก

Brief Record : Get Marc (ISO 2709) : E-mail record : QR code < ปิดหน้าต่าง
LEADER : 00000nam 2200000uu 4500
001    13399110106
003     ULIB
008    110421s2553||||th 000 0 tha d
020    9786165290289
060 04 WI755^bพ525น 2553
100 0  พัฒน์พงศ์ นาวีเจริญ
245 10 นิ่วในถุงน้ำดี /^cพัฒน์พงศ์ นาวีเจริญ,เขียน
250    พิมพ์ครั้งที่ 3
260    กรุงเทพฯ :^bอมรินทร์สุขภาพ,^c2553
300    106 หน้า :^bภาพประกอบ
440  0 โรคภัยใกล้ตัว
650  7 นิ่ว
650  7 นิ่วในถุงน้ำดี^xการรักษา
945    ^p95^l0^i028246
945    ^p95^l0^i028245
945    ^p95^l0^i028244
945    ^p95^l0^i028242
945    ^p95^l0^i028241
945    ^p95^l0^i027979
945    ^p95^l0^i028243
995    ทศพร
999 ^a ใช้งานได้ทุกระบบ
รายการนี้ยังไม่มีแท็ก
คุณยังไม่ได้ล็อกอิน คุณสามารถมีกิจกรรมร่วมกับเว็บไซต์ได้ แต่ต้องล็อกอินก่อน ::
  ล็อกอิน

รายการสื่อสารสนเทศ

ลำดับที่ ประเภท เลขเรียก/บาร์โค้ด สถานที่ สถานะ
1. วิทยาศาสตร์การแพทย์ และสุขภาพ
หนังสือสำรอง
สถานะ=หนังสือสำรอง
WI755 พ525น 2553 ฉ.1 
  Barcode: 027979
ห้องสมุดวิทยาเขตสวรรค์ประชารักษ์
►ส่วนจัดเก็บหนังสือเก่า สปร
บนชั้น
  ขอยืม
2. วิทยาศาสตร์การแพทย์ และสุขภาพ
วิทยาศาสตร์การแพทย์ และสุขภาพ
WI755 พ525น 2553 ฉ.2 
  Barcode: 028241
ห้องสมุดวิทยาเขตสวรรค์ประชารักษ์
►ส่วนจัดเก็บหนังสือเก่า สปร
บนชั้น
  ขอยืม
3. วิทยาศาสตร์การแพทย์ และสุขภาพ
วิทยาศาสตร์การแพทย์ และสุขภาพ
WI755 พ525น 2553 ฉ.3 
  Barcode: 028242
ห้องสมุดวิทยาเขตสวรรค์ประชารักษ์
►ส่วนจัดเก็บหนังสือเก่า สปร
บนชั้น
  ขอยืม
4. วิทยาศาสตร์การแพทย์ และสุขภาพ
วิทยาศาสตร์การแพทย์ และสุขภาพ
WI755 พ525น 2553 ฉ.4 
  Barcode: 028243
ห้องสมุดวิทยาเขตสวรรค์ประชารักษ์
►ส่วนจัดเก็บหนังสือเก่า สปร
บนชั้น
  ขอยืม
5. วิทยาศาสตร์การแพทย์ และสุขภาพ
วิทยาศาสตร์การแพทย์ และสุขภาพ
WI755 พ525น 2553 ฉ.5 
  Barcode: 028244
ห้องสมุดวิทยาเขตสวรรค์ประชารักษ์
►ส่วนจัดเก็บหนังสือเก่า สปร
บนชั้น
  ขอยืม
6. วิทยาศาสตร์การแพทย์ และสุขภาพ
วิทยาศาสตร์การแพทย์ และสุขภาพ
WI755 พ525น 2553 ฉ.6 
  Barcode: 028245
ห้องสมุดวิทยาเขตสวรรค์ประชารักษ์
►ส่วนจัดเก็บหนังสือเก่า สปร
บนชั้น
  ขอยืม
7. วิทยาศาสตร์การแพทย์ และสุขภาพ
วิทยาศาสตร์การแพทย์ และสุขภาพ
WI755 พ525น 2553 ฉ.7 
  Barcode: 028246
ห้องสมุดวิทยาเขตสวรรค์ประชารักษ์
►ส่วนจัดเก็บหนังสือเก่า สปร
บนชั้น
  ขอยืม

รายการใกล้เคียง
    ผู้แต่ง [พัฒน์พงศ์ นาวีเจริญ]

    หัวเรื่อง [นิ่ว]

BibComment


ยังไม่เคยถูกคอมเมนท์

คอมเมนท์ทรัพยากรรายการนี้
  คอมเมนท์: นิ่วในถุงน้ำดี พ..


 Copyright 2026. Bcnsprnw @Library